000 00445nam a2200169Ia 4500
005 20250923150243.0
008 008 250917s9999 xx 000 0 eng d
037 _aTextual
040 _aDSWL
_beng
_cDSWL
041 _aeng
_2eng
084 _qDSWL
245 0 _aHandbook of social capital
_cEd.by D Castiglione
260 _aNew York
_bOxford Univ. Press
_c2008
300 _a722 p.
942 _cTEXL
999 _c1461323
_d1461323